000 00882nam a2200265Ia 4500
003 OSt
005 20220918170725.0
006 a|||||r|||| 00| 0
007 ta
008 220917b |||||||| |||| 00| 0 eng d
020 _a9780415772365 (pbk)
_c1771.60
024 _a239,454
037 _b05271, 29/09/2009, Atlantic Publisher & Dist.Pvt.Ltd.
_cTextual
040 _aARTS
_cARTS
_beng
041 _2eng
_aeng
082 _aV1:19, P9
100 _aTickner Arlene Ed.
_930696
245 0 _aInternational relations scholarship around the world
260 _aLondon
_bRoutledge UK
_c2009
300 _axiv, 351p.
_ccm.
650 _aHISTORY; INTERNATIONAL RELATIONS
700 _a Waever Ole Ed.
_930697
942 _hV1:19, P9
_cTEXL
_2CC
999 _c135383
_d135383